00438nam a2200181Ia 4500003000400000005001700004008004000021020001500061040000700076041000800083082001600091100001700107245006800124250000700192260003100199300001200230700001400242OSt20250809114037.0210210b2011 xxu||||| |||| 00| 0 eng d a8172881622 cAL aeng a657.46 MEHI aMehrotra H C aIncome taxb: law and accounts including tax planning 2011-2012 a52 aAgrabSahitya Bhavanc2011 aii,830p aGoyal S P